Catalog

Record Details

Catalog Search



Robert B. Parker's buzz kill: Sunny Randall  Cover Image Large Print Book Large Print Book

Robert B. Parker's buzz kill: Sunny Randall / Alison Gaylin.

Summary:

After a near-death experience, Sunny Randall is ready to lighten her load as a PI, that is until she is called upon by billionaire media magnate Bill Welch to investigate the disappearance of his son, Dylan, the cofounder of the Gonzo Energy Drink company. Lazy, unscrupulous and a notorious partier, Dylan isn’t exactly reliable. But Dylan’s mother, Lydia, insists this time is different. She knows him. He’s her son. And she believes he’s in serious danger. Unable to turn down the Welches’ life-changing offer, Sunny takes on the case, starting off by befriending Dylan's smart young business partner, Sky, who seems like his polar opposite. Sky is bright, innovative, ambitious and empathetic -- yet surprisingly, she adores Dylan, and desperately wants Sunny to find him. As Sunny traces the marks left behind by Dylan’s past, she must unearth all the skeletons in his closet. She discovers not only his bad behavior with women, but also his reckless moves within the business world, producing an energy drink that, despite its marketing, has proven dangerous and even deadly. Still, Sky insists he’s a good man. Who is Dylan, really? And why has he vanished? When bodies start to pile up, unny must find answers quick, before she—and those she cares about—get caught in the crossfire.

Record details

  • ISBN: 9781420514551
  • ISBN: 1420514555
  • Physical Description: 377 pages (large print) ; 23 cm.
  • Edition: Large print edition.
  • Publisher: [Waterville, Maine] : Thorndike Press, a part of Gale, a Cengage Company, 2024.
Subject: Randall, Sunny (Fictitious character) > Fiction.
Women private investigators > Fiction.
Missing persons > Investigation > Fiction.
Murder > Investigation > Fiction.
Billionaires > Fiction.
Beverage industry > Fiction.
Media enterprises > Fiction.
Energy drinks > Fiction.
Genre: Detective and mystery fiction.
Novels.
Large print books.

Available copies

  • 1 of 1 copy available at scottsboropl.

Holds

  • 0 current holds with 1 total copy.
Show Only Available Copies
Location Call Number / Copy Notes Barcode Shelving Location Status Due Date
scottsboropl F Par 32269001264798 Adult - Fiction Available -

LDR 03212cam a22006618i 4500
001164669
003SBPL
00520241008164047.0
008240927t20242024meu ed 000 1 eng
020 . ‡a9781420514551 ‡q(large print ; ‡qhardcover)
020 . ‡a1420514555 ‡q(large print ; ‡qhardcover)
035 . ‡a(OCoLC)1457436062 ‡z(OCoLC)1458361405
050 4. ‡aPS3607.A9858 ‡bR633 2024b
08204. ‡a813/.6 ‡223
100 0. ‡aParker, Robert : ‡eauthor
1001 . ‡aGaylin, Alison,: ‡eauthor.
24510. ‡aRobert B. Parker's buzz kill: ‡bSunny Randall / ‡cAlison Gaylin.
24630. ‡aBuzz kill
250 . ‡aLarge print edition.
264 1. ‡a[Waterville, Maine] : ‡bThorndike Press, a part of Gale, a Cengage Company, ‡c2024.
300 . ‡a377 pages (large print) ; ‡c23 cm.
336 . ‡atext ‡btxt ‡2rdacontent
337 . ‡aunmediated ‡bn ‡2rdamedia
338 . ‡avolume ‡bnc ‡2rdacarrier
4901 . ‡aA Sunny Randall novel ; ‡vbk 12
4901 . ‡aThorndike Press large print high octane
520 . ‡aAfter a near-death experience, Sunny Randall is ready to lighten her load as a PI, that is until she is called upon by billionaire media magnate Bill Welch to investigate the disappearance of his son, Dylan, the cofounder of the Gonzo Energy Drink company. Lazy, unscrupulous and a notorious partier, Dylan isn’t exactly reliable. But Dylan’s mother, Lydia, insists this time is different. She knows him. He’s her son. And she believes he’s in serious danger. Unable to turn down the Welches’ life-changing offer, Sunny takes on the case, starting off by befriending Dylan's smart young business partner, Sky, who seems like his polar opposite. Sky is bright, innovative, ambitious and empathetic -- yet surprisingly, she adores Dylan, and desperately wants Sunny to find him. As Sunny traces the marks left behind by Dylan’s past, she must unearth all the skeletons in his closet. She discovers not only his bad behavior with women, but also his reckless moves within the business world, producing an energy drink that, despite its marketing, has proven dangerous and even deadly. Still, Sky insists he’s a good man. Who is Dylan, really? And why has he vanished? When bodies start to pile up, unny must find answers quick, before she—and those she cares about—get caught in the crossfire.
60010. ‡aRandall, Sunny ‡c(Fictitious character) ‡vFiction.
650 0. ‡aWomen private investigators ‡vFiction.
650 0. ‡aMissing persons ‡xInvestigation ‡vFiction.
650 0. ‡aMurder ‡xInvestigation ‡vFiction.
650 0. ‡aBillionaires ‡vFiction.
650 0. ‡aBeverage industry ‡vFiction.
650 0. ‡aMedia enterprises ‡vFiction.
650 0. ‡aEnergy drinks ‡vFiction.
655 7. ‡aDetective and mystery fiction. ‡2lcgft
655 7. ‡aNovels. ‡2lcgft
655 7. ‡aLarge print books. ‡2lcgft
7001 . ‡aParker, Robert B., ‡d1932-2010,: ‡ecreator.
8001 . ‡aParker, Robert B., ‡d1932-2010. ‡tSunny Randall novels ; ‡vBk 12.
901 . ‡a164669 ‡bAUTOGEN ‡c164669 ‡tbiblio

Additional Resources